| 000 | 00543nam a2200193 a 4500 | ||
|---|---|---|---|
| 001 | 1770972691717 | ||
| 003 | YourLibrary | ||
| 005 | 20260213142432.0 | ||
| 008 | 260213s2001##################000#0#eng## | ||
| 020 | _a9780761995029 | ||
| 082 | 0 | 4 |
_a305.5095 _bCHA |
| 100 | 1 |
_aChakravarti, Anand, _eauthor. |
|
| 245 | 1 | 0 | _aSocial Power and Everyday Class Relations : |
| 260 |
_bSAGE Publications Pvt. Limited, _c2001. |
||
| 300 | _a322 pages | ||
| 650 | 0 | _aBusiness & Economics. | |
| 942 | _cENGLISH | ||
| 040 |
_aYourLibrary _beng _cYourLibrary |
||
| 999 |
_c612386 _d612386 |
||